000 01268nam a22002295i 4500
001 166546
003 ES-MaACL
005 20250730063147.0
008 940721s1795 sp |||| | spa d
040 _aCAV
_bspa
100 1 _aTorres Villarroel, Diego de,
_d1693-1770
_9111026
245 1 3 _aEl ermitaño y Torres
_b: avisos ... en que se trata de la Piedra Philosofal y las tres Cartillas, Rústica, Médica y Eclesiastica ... /
_cpor Dr. Diego de Torres Villarroel ... ; Tomo VI.
260 _aMadrid :
_ben la imprenta de la viuda de Ibarra,
_c1795.
300 _a[10], VI, 408 p., VI p., [4] h. pleg. ;
_c8º.
530 _aDisponible en formato digital.
597 _aSign. : A5, *6, B-Z8, Aa-Cc8, Dd4.
599 _aLas h. pleg. son diagramas calc. encarados a las p. 320, 336, 370 y 372.
650 4 _aAlquimia.
_99742
852 _aES-MaACL
_jR-2207-21
_z-- Enc. pasta española
_z-- Las VI pp. de Indice enc. al final de la obra y tendrían que ir entre los prelim. y el texto, según indican los reclamos- Tiene [2] h. de grab. pleg. y la h. 370 también es pleg. -- Marca tip. en port. Olim: C-31414-28.
856 _uhttp://bdh-rd.bne.es/viewer.vm?id=0000093783&page=1
_zBiblioteca Digital Hispánica
999 _c166546
_d166546